[Event "Cheliabinsk Shusharin Memorial Rapid"]
[Site "Cheliabinsk"]
[Date "2023.11.15"]
[Round "4"]
[White "Matsenko, Andrei"]
[Black "Nogerbek, Kazybek"]
[Result "1/2-1/2"]
[WhiteElo "2218"]
[BlackElo "2483"]
[PlyCount "182"]
[EventDate "2023.11.15"]
[EventType "swiss (rapid)"]
[EventRounds "11"]
[EventCountry "RUS"]
[SourceTitle "CB47_2023"]
[SourceDate "2023.11.22"]
[SourceVersion "1"]
[SourceVersionDate "2023.11.22"]
[SourceQuality "1"]

1. Nf3 d5 2. b3 Bg4 3. Bb2 Nd7 4. e3 Ngf6 5. c4 e6 6. Be2 c6 7. 0-0 Bd6 8. h3 Bh5 9. d4 0-0 10. Nbd2 Qe7 11. Ne5 Bxe2 12. Qxe2 Ba3 13. Bc3 a5 14. Nxd7 Nxd7 15. e4 Bb4 16. Bxb4 Qxb4 17. Qd3 Rfd8 18. exd5 cxd5 19. a3 dxc4 20. bxc4 Qe7 21. Rab1 b6 22. Qe3 Qd6 23. Rfc1 Nf6 24. Nf3 Rac8 25. Qb3 Rb8 26. Qe3 h6 27. Rb3 Rbc8 28. c5 Qc7 29. Rbb1 Nd5 30. Qd2 Qa7 31. c6 Qe7 32. Ne5 Qxa3 33. Nc4 Qa4 34. Rxb6 Rxc6 35. Rxc6 Qxc6 36. Nxa5 Qa4 37. Nc6 Rc8 38. Qc2 Qxc2 39. Rxc2 Kf8 40. Rc5 f6 41. g3 Ke8 42. Kg2 Kd7 43. Na5 Rb8 44. Nc4 Rb3 45. Ra5 Rb7 46. Ne3 Ne7 47. Kf3 Rb3 48. Ra7+ Ke8 49. Ke4 Rb4 50. Ra8+ Kf7 51. Ra7 Ke8 52. Ra8+ Kf7 53. Ra7 g5 54. Kd3 Rb3+ 55. Kc2 Rb5 56. d5 Kf8 57. d6 Nc6 58. Rh7 Rc5+ 59. Kd2 Ra5 60. Rh8+ Kf7 61. d7 Ke7 62. Rh7+ Kd8 63. Rxh6 Ra2+ 64. Ke1 f5 65. Rxe6 Kxd7 66. Rg6 Ne5 67. Rg7+ Ke6 68. Kf1 f4 69. gxf4 gxf4 70. Ng4 Nf3 71. Rb7 Ra1+ 72. Kg2 Nh4+ 73. Kh2 Ra3 74. Rb6+ Kf5 75. Rb4 Nf3+ 76. Kg2 Ne1+ 77. Kh2 Nf3+ 78. Kg2 Ng5 79. Rb5+ Kg6 80. Ne5+ Kg7 81. h4 f3+ 82. Kh2 Ne4 83. Ng4 Ra2 84. h5 Nxf2 85. Rb7+ Kf8 86. Nxf2 Rxf2+ 87. Kg3 Rf1 88. Rb3 Kg7 89. Rxf3 Rxf3+ 90. Kxf3 Kh6 91. Kf2 Kxh5 1/2-1/2

[Event "Noviy Urengoy Flaming Memorial"]
[Site "Noviy Urengoy"]
[Date "2022.09.27"]
[Round "8"]
[White "Matsenko, Andrei"]
[Black "Grachev, Alexey1111"]
[Result "0-1"]
[WhiteElo "2240"]
[BlackElo "2349"]
[PlyCount "116"]
[EventDate "2022.09.24"]
[EventType "tourn"]
[EventRounds "9"]
[EventCountry "RUS"]
[SourceTitle "EXT 2023"]
[Source "ChessBase"]
[SourceDate "2022.10.05"]
[SourceVersion "1"]
[SourceVersionDate "2022.10.05"]
[SourceQuality "1"]

1. Nf3 d5 2. d4 Nf6 3. e3 c5 4. c4 cxd4 5. Nxd4 e5 6. Nf3 e4 7. Nd4 dxc4 8. Bxc4 Bc5 9. 0-0 0-0 10. a3 Bd6 11. Be2 Qe7 12. Nc3 Qe5 13. g3 Bh3 14. Re1 Nbd7 15. Ndb5 Bb8 16. f4 exf3 17. Bxf3 Qg5 18. e4 Qg6 19. Nd6 Ng4 20. Nf5 Qb6+ 21. Qd4 Qxd4+ 22. Nxd4 Be5 23. Nf5 Nc5 24. Rd1 Bxc3 25. bxc3 Ne5 26. Bg2 Bxg2 27. Kxg2 f6 28. Bf4 Nxe4 29. Re1 Nxc3 30. Bxe5 fxe5 31. Rxe5 Rad8 32. Rc1 Rd3 33. Kh3 g6 34. Nh6+ Kg7 35. Ng4 Rf7 36. Rc5 Ne2 37. Ne5 Nxc1 38. Rxc1 Rdd7 39. Nxf7 Rxf7 40. Kg2 Kf8 41. h4 Ke8 42. h5 gxh5 43. Kh3 Kd7 44. Rc5 b6 45. Rxh5 Kc6 46. a4 a6 47. Rh6+ Kc5 48. g4 Rb7 49. a5 bxa5 50. Rxa6 Kb4 51. Rf6 Ra7 52. Rf4+ Kb3 53. Rf3+ Kc4 54. Rf4+ Kd3 55. Rf3+ Ke2 56. Ra3 a4 57. Kh4 Kd2 58. Kh5 Ra6 0-1

[Event "Cheliabinsk Variation-A"]
[Site "Cheliabinsk"]
[Date "2022.04.05"]
[Round "5"]
[White "Matsenko, Andrei"]
[Black "Usov, Aleksandr E"]
[Result "1-0"]
[WhiteElo "2277"]
[BlackElo "2283"]
[PlyCount "77"]
[EventDate "2022.04.01"]
[EventType "swiss"]
[EventRounds "9"]
[EventCountry "RUS"]
[SourceTitle "CBM 207 Extra"]
[Source "ChessBase"]
[SourceDate "2022.05.31"]
[SourceVersion "1"]
[SourceVersionDate "2022.05.31"]
[SourceQuality "1"]

1. b3 Nf6 2. Bb2 d5 3. e3 g6 4. f4 Bg7 5. Nf3 0-0 6. Be2 c5 7. c4 Nc6 8. cxd5 Nxd5 9. Bxg7 Kxg7 10. 0-0 Bf5 11. a3 Qd6 12. Qc1 e5 13. Nc3 Nxc3 14. Qxc3 f6 15. fxe5 Nxe5 16. d4 Nxf3+ 17. Bxf3 cxd4 18. Qxd4 Qxd4 19. exd4 Rf7 20. Rac1 Rd7 21. Rfe1 g5 22. d5 Rad8 23. h3 Rf7 24. Rc3 Bg6 25. Re6 Bf5 26. Re1 a6 27. b4 h6 28. a4 Bd7 29. Bh5 Bxa4 30. Bxf7 Kxf7 31. Rc7+ Kg6 32. g4 Rd6 33. Re6 Rxe6 34. dxe6 b6 35. Rb7 a5 36. Rxb6 axb4 37. Rxb4 Bc6 38. Rb8 Kg7 39. Kf2 1-0

[Event "Cheliabinsk Lozovatsky Memorial-A"]
[Site "Cheliabinsk"]
[Date "2022.01.31"]
[Round "10"]
[White "Nugumanov, Bakhtiyar"]
[Black "Matsenko, Andrei"]
[Result "1/2-1/2"]
[WhiteElo "2364"]
[BlackElo "2251"]
[PlyCount "96"]
[EventDate "2022.01.22"]
[EventType "swiss"]
[EventRounds "10"]
[EventCountry "RUS"]
[SourceTitle "EXT 2023"]
[Source "ChessBase"]
[SourceDate "2022.10.05"]
[SourceVersion "1"]
[SourceVersionDate "2022.10.05"]
[SourceQuality "1"]

1. e4 c6 2. d4 d5 3. Nc3 dxe4 4. Nxe4 Bf5 5. Ng3 Bg6 6. h4 h6 7. Nf3 Nf6 8. Ne5 Bh7 9. Bc4 e6 10. Qe2 Nd5 11. Bb3 Nd7 12. Bd2 Nxe5 13. dxe5 Qc7 14. 0-0 0-0-0 15. Rad1 Be7 16. h5 Kb8 17. a3 Bc5 18. c4 Ne7 19. Bc3 Nf5 20. Nxf5 Bxf5 21. Bc2 Bxc2 22. Qxc2 Rxd1 23. Rxd1 Rd8 24. Kf1 Qe7 25. g3 Kc8 26. Kg2 Qg5 27. Rxd8+ Kxd8 28. Qe2 Qf5 29. Qf3 Qxf3+ 30. Kxf3 Ke8 31. g4 a6 32. b4 Bb6 33. c5 Bd8 34. Ke4 Bh4 35. f4 Kf8 36. Bd2 Kg8 37. Kd3 Kh7 38. f5 Kg8 39. Kc4 Bd8 40. Bc3 Bc7 41. a4 Kf8 42. b5 axb5+ 43. axb5 Ke8 44. b6 Bd8 45. Kd3 g5 46. hxg6 fxg6 47. f6 g5 48. Ke4 Be7 1/2-1/2

[Event "Titled Tuesday intern op 19th Oct"]
[Site "Chess.com INT"]
[Date "2021.10.19"]
[Round "6"]
[White "Atakhan, Abtin"]
[Black "Matsenko, Andrei"]
[Result "0-1"]
[WhiteElo "2319"]
[BlackElo "2251"]
[PlyCount "102"]
[EventDate "2021.10.19"]
[EventType "swiss (blitz)"]
[EventRounds "11"]
[EventCountry "USA"]
[SourceTitle "CBM 204 Extra"]
[Source "ChessBase"]
[SourceDate "2021.11.30"]
[SourceVersion "1"]
[SourceVersionDate "2021.11.30"]
[SourceQuality "1"]

1. e4 c6 2. d4 d5 3. e5 Bf5 4. Nf3 e6 5. Be2 Ne7 6. 0-0 Nd7 7. Nh4 Bg6 8. Nd2 Nf5 9. Nxg6 hxg6 10. Nf3 Be7 11. c3 Rc8 12. g3 c5 13. Kg2 cxd4 14. cxd4 a6 15. h4 Qc7 16. Bd3 Qb6 17. Bxf5 gxf5 18. Be3 Nb8 19. Rc1 Nc6 20. a3 Qxb2 21. Rb1 Qxa3 22. Rxb7 Nd8 23. Ra7 Nc6 24. Rb7 Nd8 25. Ra7 a5 26. Bg5 Bxg5 27. Nxg5 Qb4 28. Qe2 Qb6 29. Ra6 Qxd4 30. Qb5+ Ke7 31. Qxa5 Qxe5 32. Ra7+ Kf6 33. Re1 Qd6 34. Qa1+ Kg6 35. Nf3 f6 36. Nd4 Rc4 37. Ra6 Qxa6 38. Qxa6 Rxd4 39. Qd6 Nf7 40. Qxe6 Re4 41. Rxe4 dxe4 42. g4 Nh6 43. g5 Ng4 44. Kg3 Ra8 45. Kf4 Ra5 46. Qe8+ Kh7 47. Qh5+ Kg8 48. Qe8+ Kh7 49. Qh5+ Nh6 50. gxh6 g6 51. Qe2 Ra3 0-1

[Event "Titled Tuesday intern op 19th Oct"]
[Site "Chess.com INT"]
[Date "2021.10.19"]
[Round "1"]
[White "Chernomordik, Pavel"]
[Black "Matsenko, Andrei"]
[Result "0-1"]
[WhiteElo "2182"]
[BlackElo "2251"]
[PlyCount "132"]
[EventDate "2021.10.19"]
[EventType "swiss (blitz)"]
[EventRounds "11"]
[EventCountry "USA"]
[SourceTitle "CBM 204 Extra"]
[Source "ChessBase"]
[SourceDate "2021.11.30"]
[SourceVersion "1"]
[SourceVersionDate "2021.11.30"]
[SourceQuality "1"]

1. e4 c6 2. Nc3 d5 3. Qf3 e6 4. d3 Nd7 5. Qg3 Ngf6 6. Be2 g6 7. e5 d4 8. Ne4 Nxe4 9. dxe4 Qa5+ 10. Bd2 Qxe5 11. Bf4 Qa5+ 12. Bd2 Bb4 13. c3 dxc3 14. bxc3 Be7 15. Nf3 0-0 16. h4 Bf6 17. Ng5 h6 18. Nxe6 fxe6 19. Qxg6+ Bg7 20. Qxe6+ Kh8 21. 0-0 Nc5 22. Qg6 Rf6 23. Qe8+ Rf8 24. Qg6 Ne6 25. Bxh6 Qxc3 26. Qh5 Kg8 27. Rac1 Qe5 28. Qg6 Qf6 29. Qxf6 Rxf6 30. Bxg7 Kxg7 31. g3 Nd4 32. Bd1 Bh3 33. Re1 Nf3+ 34. Bxf3 Rxf3 35. Rc2 Kf6 36. Kh2 Bg4 37. Kg2 Ke7 38. Rb1 b6 39. Rxc6 Raf8 40. Rc2 Ra3 41. Rb5 Kd6 42. Rg5 Bf3+ 43. Kh3 Bxe4 44. Rd2+ Rd3 45. Rxd3+ Bxd3 46. f4 b5 47. Rg7 a5 48. h5 a4 49. Kh4 b4 50. Rb7 Kc5 51. h6 Bc4 52. Rc7+ Kd4 53. h7 Bxa2 54. Rf7 Rh8 55. Rd7+ Kc5 56. Kg5 b3 57. Kh6 Bb1 58. Rc7+ Kb4 59. Rb7+ Ka3 60. g4 Rxh7+ 61. Rxh7 Bxh7 62. Kxh7 b2 63. g5 b1Q+ 64. g6 Qf5 65. Kg7 Qxf4 66. Kh7 Qh4+ 0-1

[Event "Titled Tuesday intern op 19th Oct"]
[Site "Chess.com INT"]
[Date "2021.10.19"]
[Round "4"]
[White "Svidler, Peter"]
[Black "Matsenko, Andrei"]
[Result "1-0"]
[WhiteElo "2694"]
[BlackElo "2251"]
[PlyCount "41"]
[EventDate "2021.10.19"]
[EventType "swiss (blitz)"]
[EventRounds "11"]
[EventCountry "USA"]
[SourceTitle "CBM 204 Extra"]
[Source "ChessBase"]
[SourceDate "2021.11.30"]
[SourceVersion "1"]
[SourceVersionDate "2021.11.30"]
[SourceQuality "1"]

1. e4 c6 2. d4 d5 3. e5 Bf5 4. Nd2 e6 5. Nb3 c5 6. dxc5 Bxc5 7. Nxc5 Qa5+ 8. c3 Qxc5 9. Nf3 Ne7 10. Nd4 a6 11. Qa4+ Nd7 12. Be3 Qc7 13. f4 0-0 14. Be2 Nc5 15. Qd1 b5 16. 0-0 Ne4 17. Rc1 h6 18. Qe1 Bg6 19. g4 Nc6 20. f5 Nxd4 21. cxd4 1-0

[Event "Titled Tuesday intern op 18th May"]
[Site "Chess.com INT"]
[Date "2021.05.18"]
[Round "4"]
[White "Matsenko, Andrei"]
[Black "Lazavik, Denis"]
[Result "1/2-1/2"]
[WhiteElo "2252"]
[BlackElo "2439"]
[PlyCount "131"]
[EventDate "2021.05.18"]
[EventType "swiss (blitz)"]
[EventRounds "11"]
[EventCountry "USA"]
[SourceTitle "CBM 202 Extra"]
[Source "ChessBase"]
[SourceDate "2021.07.31"]
[SourceVersion "1"]
[SourceVersionDate "2021.07.31"]
[SourceQuality "1"]

1. e4 e5 2. Nf3 Nc6 3. Bc4 Bc5 4. c3 Nf6 5. d4 exd4 6. e5 d5 7. Bb5 Ne4 8. cxd4 Bb6 9. h3 0-0 10. 0-0 f6 11. Bxc6 bxc6 12. Nc3 Ba6 13. Re1 Nxf2 14. Kxf2 fxe5 15. Rxe5 Qh4+ 16. g3 Qxd4+ 17. Qxd4 Bxd4+ 18. Re3 Rf7 19. Ne2 Bxe3+ 20. Bxe3 h6 21. Ned4 Raf8 22. Rc1 Bd3 23. h4 Be4 24. Bf4 a5 25. Rxc6 Rb8 26. b3 a4 27. Rxc7 Rf6 28. Rxg7+ Kxg7 29. Bxb8 axb3 30. axb3 Ra6 31. Be5+ Kg6 32. g4 Ra2+ 33. Kg3 Ra1 34. h5+ Kf7 35. Bf4 Kg7 36. Nf5+ Kh7 37. Ne5 Rg1+ 38. Kf2 Rg2+ 39. Ke3 Rb2 40. Nd4 Rb1 41. Nef3 Rh1 42. Nd2 Rh3+ 43. Ke2 Bd3+ 44. Kf2 Rh1 45. Ke3 Ba6 46. Nf5 Re1+ 47. Kd4 Re2 48. b4 Bc8 49. b5 Rf2 50. Ke3 Rg2 51. b6 Rxg4 52. Nd6 Ba6 53. Nb3 Rh4 54. Nc5 d4+ 55. Ke4 d3 56. Nxd3 Bxd3+ 57. Kxd3 Rxf4 58. Kc3 Rf8 59. b7 Rb8 60. Kc4 Kg7 61. Kc5 Kf6 62. Kc6 Kg5 63. Nf7+ Kxh5 64. Nxh6 Kxh6 65. Kc7 Rxb7+ 66. Kxb7 1/2-1/2

[Event "Titled Tuesday intern op 06th Apr"]
[Site "Chess.com INT"]
[Date "2021.04.06"]
[Round "9"]
[White "Ibrahimli, Murad Sultanali"]
[Black "Matsenko, Andrei"]
[Result "0-1"]
[WhiteElo "2436"]
[BlackElo "2262"]
[PlyCount "72"]
[EventDate "2021.04.06"]
[EventType "swiss (blitz)"]
[EventRounds "11"]
[EventCountry "USA"]
[SourceTitle "CBM 201 Extra"]
[Source "ChessBase"]
[SourceDate "2021.05.31"]
[SourceVersion "1"]
[SourceVersionDate "2021.05.31"]
[SourceQuality "1"]

1. c4 Nf6 2. Nc3 d6 3. d4 Nbd7 4. g3 e5 5. Nf3 c6 6. e4 Be7 7. Bg2 0-0 8. 0-0 a6 9. d5 cxd5 10. exd5 b5 11. Nd2 b4 12. Na4 Qc7 13. b3 Nc5 14. Nxc5 Qxc5 15. a3 Bf5 16. axb4 Qxb4 17. Ba3 Qc3 18. Rc1 Qa5 19. Ra1 Qc7 20. Re1 Rfb8 21. b4 a5 22. b5 Nd7 23. f4 f6 24. Qf3 Bg6 25. Bh3 Bf7 26. Be6 Nc5 27. f5 Nxe6 28. dxe6 Be8 29. Qd5 Qb6+ 30. Kg2 Rc8 31. Ne4 Ra7 32. Red1 Rac7 33. Bxd6 Rxc4 34. Bxe7 Qe3 35. Re1 Rc2+ 36. Kh3 Qh6+ 0-1

[Event "Titled Tuesday intern op 06th Apr"]
[Site "Chess.com INT"]
[Date "2021.04.06"]
[Round "10"]
[White "Matsenko, Andrei"]
[Black "Chigaev, Maksim"]
[Result "0-1"]
[WhiteElo "2262"]
[BlackElo "2631"]
[PlyCount "66"]
[EventDate "2021.04.06"]
[EventType "swiss (blitz)"]
[EventRounds "11"]
[EventCountry "USA"]
[SourceTitle "CBM 201 Extra"]
[Source "ChessBase"]
[SourceDate "2021.05.31"]
[SourceVersion "1"]
[SourceVersionDate "2021.05.31"]
[SourceQuality "1"]

1. Nf3 Nf6 2. b3 g6 3. Bb2 Bg7 4. g3 b6 5. Bg2 Bb7 6. 0-0 c5 7. c4 0-0 8. Nc3 d6 9. d4 cxd4 10. Qxd4 Nbd7 11. Nd5 Rc8 12. Rac1 Nc5 13. Ba1 Ncd7 14. Rfd1 Re8 15. e4 a6 16. a4 Nc5 17. Nd2 Nh5 18. Qe3 Bxa1 19. Rxa1 e6 20. Nc3 Nf6 21. h3 Qc7 22. Rac1 Red8 23. b4 Ncd7 24. Nb3 Ne8 25. Bf1 Ne5 26. Nd2 Nc6 27. Rb1 Nf6 28. Kh2 h5 29. b5 Ne5 30. Be2 a5 31. f4 Ned7 32. Nf3 Qc5 33. Qf2 Qxf2+ 0-1

[Event "Titled Tuesday intern op 06th Apr"]
[Site "Chess.com INT"]
[Date "2021.04.06"]
[Round "4"]
[White "Matsenko, Andrei"]
[Black "Orantes Taboada, Francisco"]
[Result "1-0"]
[WhiteElo "2262"]
[BlackElo "2250"]
[PlyCount "69"]
[EventDate "2021.04.06"]
[EventType "swiss (blitz)"]
[EventRounds "11"]
[EventCountry "USA"]
[SourceTitle "CBM 201 Extra"]
[Source "ChessBase"]
[SourceDate "2021.05.31"]
[SourceVersion "1"]
[SourceVersionDate "2021.05.31"]
[SourceQuality "1"]

1. e4 c5 2. Nf3 Nc6 3. d4 cxd4 4. Nxd4 e5 5. Nb5 a6 6. Nd6+ Bxd6 7. Qxd6 Qf6 8. Qd1 Qg6 9. f3 d5 10. Nc3 Nge7 11. Nxd5 Nxd5 12. Qxd5 Be6 13. Qd2 Rd8 14. Qf2 f5 15. Bd3 Nb4 16. 0-0 Nxd3 17. cxd3 0-0 18. Qe2 f4 19. Bd2 Bd7 20. Bc3 Bb5 21. Rfd1 Qe6 22. a4 Bc6 23. d4 exd4 24. Bxd4 Qb3 25. Ra3 Qb4 26. Bc3 Qc5+ 27. Kh1 Rxd1+ 28. Qxd1 Bxe4 29. fxe4 f3 30. gxf3 Qh5 31. Qd5+ Qxd5 32. exd5 Rxf3 33. Kg2 Rd3 34. Rb3 Rxd5 35. Rxb7 1-0

[Event "Titled Tuesday intern op 06th Apr"]
[Site "Chess.com INT"]
[Date "2021.04.06"]
[Round "1"]
[White "Matsenko, Andrei"]
[Black "Sargissyan, Sargis"]
[Result "1-0"]
[WhiteElo "2262"]
[BlackElo "2269"]
[PlyCount "163"]
[EventDate "2021.04.06"]
[EventType "swiss (blitz)"]
[EventRounds "11"]
[EventCountry "USA"]
[SourceTitle "CBM 201 Extra"]
[Source "ChessBase"]
[SourceDate "2021.05.31"]
[SourceVersion "1"]
[SourceVersionDate "2021.05.31"]
[SourceQuality "1"]

1. Nf3 Nf6 2. b3 c5 3. Bb2 Nc6 4. e3 d5 5. Bb5 Bd7 6. c4 e6 7. 0-0 Be7 8. cxd5 exd5 9. d4 cxd4 10. Nxd4 0-0 11. Be2 Ne4 12. Nc3 Nxc3 13. Bxc3 Bf6 14. Rc1 Rc8 15. Qd2 Nxd4 16. Bxd4 Bxd4 17. Qxd4 Qa5 18. a4 Be6 19. Bf3 Rfd8 20. h3 h6 21. Rfd1 Rc6 22. Rxc6 bxc6 23. b4 Qxa4 24. Ra1 Qb5 25. Rxa7 Rb8 26. Rc7 Qxb4 27. Qxb4 Rxb4 28. Rxc6 Rc4 29. Ra6 Rc1+ 30. Kh2 g6 31. h4 h5 32. Kg3 Kg7 33. Ra5 Rc2 34. Bxd5 Bxd5 35. Rxd5 Rc4 36. Rd4 Rc5 37. Kf3 Ra5 38. g3 Rb5 39. Ra4 Rc5 40. e4 Rb5 41. Kf4 Rb2 42. f3 Rb3 43. Ra7 Rc3 44. Rb7 Rd3 45. g4 hxg4 46. fxg4 Rd1 47. Rb3 Rf1+ 48. Rf3 Ra1 49. Kg3 Ra4 50. Re3 Rb4 51. Kf4 Rc4 52. Rd3 Ra4 53. Rb3 Ra1 54. Rf3 Rh1 55. Kg3 Rg1+ 56. Kh3 Ra1 57. Rf2 Re1 58. Rf4 Re3+ 59. Kg2 Ra3 60. g5 Rb3 61. Rf3 Rb4 62. Re3 Rb1 63. Kg3 Rb2 64. Kg4 Ra2 65. Rg3 Rb2 66. Kf4 Rf2+ 67. Ke5 Ra2 68. Rg4 Ra5+ 69. Kf4 Ra4 70. Rg3 Rb4 71. Rd3 Rb1 72. Rd7 Rf1+ 73. Kg3 Re1 74. Kf3 Rh1 75. e5 Kf8 76. Kg3 Re1 77. Kf4 Re2 78. Ra7 Re1 79. Rb7 Re2 80. Rc7 Re1 81. Rc2 Kg7 82. Rf2 1-0

[Event "Cheliabinsk Lozovatsky Memorial-A"]
[Site "Cheliabinsk"]
[Date "2021.01.21"]
[Round "8"]
[White "Matsenko, Andrei"]
[Black "Stupak, Kirill"]
[Result "0-1"]
[WhiteElo "2257"]
[BlackElo "2515"]
[PlyCount "44"]
[EventDate "2021.01.15"]
[EventType "swiss"]
[EventRounds "10"]
[EventCountry "RUS"]
[SourceTitle "CBM 200 Extra"]
[Source "ChessBase"]
[SourceDate "2021.03.31"]
[SourceVersion "1"]
[SourceVersionDate "2021.03.31"]
[SourceQuality "1"]

1. e4 c6 2. d4 d5 3. exd5 cxd5 4. Bd3 Nc6 5. c3 Nf6 6. h3 g6 7. Nf3 Bf5 8. Bxf5 gxf5 9. Bf4 e6 10. 0-0 Ne4 11. Nbd2 Bd6 12. Bxd6 Qxd6 13. c4 0-0-0 14. Rc1 Kb8 15. Re1 Rhg8 16. Qe2 Nxd2 17. Qxd2 dxc4 18. Rxc4 e5 19. Qc3 e4 20. Ne5 Nxe5 21. dxe5 Qg6 22. g3 Rd3 0-1

[Event "Cheliabinsk Lozovatsky Memorial-A"]
[Site "Cheliabinsk"]
[Date "2021.01.17"]
[Round "4"]
[White "Matsenko, Andrei"]
[Black "Rezvy, Lev"]
[Result "1-0"]
[WhiteElo "2257"]
[BlackElo "2111"]
[PlyCount "133"]
[EventDate "2021.01.15"]
[EventType "swiss"]
[EventRounds "10"]
[EventCountry "RUS"]
[SourceTitle "CBM 200 Extra"]
[Source "ChessBase"]
[SourceDate "2021.03.31"]
[SourceVersion "1"]
[SourceVersionDate "2021.03.31"]
[SourceQuality "1"]

1. e4 e6 2. b3 d5 3. Bb2 dxe4 4. Nc3 Nf6 5. Qe2 Be7 6. 0-0-0 a5 7. a4 b6 8. Nxe4 Bb7 9. Nxf6+ Bxf6 10. d4 0-0 11. Nf3 Na6 12. Qe3 Nb4 13. Bc4 c6 14. Kb1 Qc7 15. Rd2 Rfb8 16. Ne5 Ba6 17. Ng4 Bxc4 18. Nxf6+ gxf6 19. bxc4 b5 20. d5 bxc4 21. d6 Qb7 22. Qg3+ Kf8 23. Ka1 Nd5 24. Ba3 Qd7 25. Rd4 f5 26. Rxc4 f6 27. Qh4 Ra6 28. g4 f4 29. g5 f5 30. Bb2 Rab6 31. g6 R6b7 32. Qh6+ Ke8 33. g7 Qf7 34. Qxh7 Nf6 35. d7+ Rxd7 36. Qh8+ Ng8 37. Rxc6 Rbd8 38. Be5 Ke7 39. Rb1 Qg6 40. Qh4+ Kf7 41. Qxf4 Nf6 42. Qc4 Nd5 43. f4 Qh6 44. Rc8 Qxh2 45. Rxd8 Rxd8 46. Qc6 Qg3 47. Rb7+ Ne7 48. Rxe7+ Kxe7 49. Qc5+ Kf7 50. Qc7+ Ke8 51. Qc6+ Kf7 52. Qc7+ Ke8 53. Kb2 Qg6 54. Qc6+ Rd7 55. Qc8+ Rd8 56. Qc6+ Rd7 57. Qa8+ Rd8 58. Qxa5 Qg2 59. Qc7 Qg6 60. Qc6+ Ke7 61. Qc7+ Ke8 62. Qc6+ Ke7 63. Qb7+ Ke8 64. a5 Qf7 65. a6 Rd7 66. Qb8+ Rd8 67. a7 1-0

[Event "Cheliabinsk Panchenko Memorial op-A"]
[Site "Cheliabinsk"]
[Date "2020.09.08"]
[Round "2"]
[White "Matsenko, Andrei"]
[Black "Predke, Alexandr"]
[Result "0-1"]
[WhiteElo "2228"]
[BlackElo "2684"]
[PlyCount "50"]
[EventDate "2020.09.07"]
[EventType "swiss"]
[EventRounds "9"]
[EventCountry "RUS"]
[SourceTitle "CBM 198 Extra"]
[Source "ChessBase"]
[SourceDate "2020.11.30"]
[SourceVersion "1"]
[SourceVersionDate "2020.11.30"]
[SourceQuality "1"]

1. e4 c6 2. Nc3 d5 3. Nf3 dxe4 4. Nxe4 Nf6 5. Nxf6+ exf6 6. Bc4 Bd6 7. Qe2+ Qe7 8. Qxe7+ Kxe7 9. 0-0 Rd8 10. Re1+ Kf8 11. h3 a5 12. a4 Na6 13. c3 h5 14. d4 Bf5 15. b3 Nc7 16. Ba3 Bxa3 17. Rxa3 Be6 18. Ra2 Nd5 19. Rc1 g5 20. Nd2 h4 21. Ne4 Ke7 22. Nc5 Bc8 23. Bxd5 Rxd5 24. Rd2 Rd8 25. c4 f5 0-1

[Event "Titled Tuesday intern op 18th Aug"]
[Site "Chess.com INT"]
[Date "2020.08.18"]
[Round "2"]
[White "Matsenko, Andrei"]
[Black "Fikiet, Alex M"]
[Result "0-1"]
[WhiteElo "2228"]
[BlackElo "2249"]
[PlyCount "110"]
[EventDate "2020.08.18"]
[EventType "swiss (blitz)"]
[EventRounds "10"]
[EventCountry "USA"]
[SourceTitle "CBM 197 Extra"]
[Source "ChessBase"]
[SourceDate "2020.09.30"]
[SourceVersion "1"]
[SourceVersionDate "2020.09.30"]
[SourceQuality "1"]

1. Nf3 d5 2. b3 c5 3. Bb2 Nc6 4. e3 a6 5. d4 cxd4 6. Nxd4 Nf6 7. Nxc6 bxc6 8. Be2 Bf5 9. 0-0 e6 10. c4 Be7 11. Nc3 0-0 12. Rc1 Bd6 13. cxd5 cxd5 14. h3 Nd7 15. e4 Bg6 16. exd5 exd5 17. Nxd5 Ne5 18. Qd4 f6 19. Rfd1 Kh8 20. Nf4 Be7 21. Qa4 Qb6 22. Bxe5 fxe5 23. Nxg6+ Qxg6 24. Bf3 Rxf3 25. Rc7 Bf8 26. Qc6 Qxc6 27. Rxc6 Rf6 28. Rc7 a5 29. Rdd7 a4 30. bxa4 Rxa4 31. g4 Rxa2 32. Rc8 Rfxf2 33. Rdd8 Kg8 34. Re8 Rfc2 35. Rxc2 Rxc2 36. Rxe5 Kf7 37. Rf5+ Kg8 38. h4 g6 39. Rf4 Rc5 40. Ra4 Kg7 41. Kg2 Kf7 42. Kf3 Be7 43. Kg3 Rc3+ 44. Kf4 Bxh4 45. Ra7+ Be7 46. g5 Rc5 47. Ra8 Rf5+ 48. Ke4 Rxg5 49. Rh8 Kg7 50. Re8 Bf6 51. Ra8 Re5+ 52. Kf4 Re7 53. Kg4 h5+ 54. Kg3 g5 55. Ra6 Kg6 0-1